| 000 | 00947nam a22002897a 4500 | ||
|---|---|---|---|
| 001 | BR9700789 | ||
| 003 | BR-BrBNA | ||
| 005 | 20230928095459.0 | ||
| 007 | ta | ||
| 008 | 230509b bl.||||| |||| 00| 0 por d | ||
| 040 |
_aBR-BrBNA _bpor _cBiblioteca Nacional de Agricultura |
||
| 041 | _a(Por) | ||
| 072 |
_aJ10; F01 _b9205 |
||
| 090 | _ 9205 BR9700789 | ||
| 110 | 1 |
_aFundacao Salim Farah Maluf, Sao Paulo, SP (Brasil) _95025 |
|
| 111 | 1 |
_a1. Congresso Brasileiro da Agricultura de Graos _cBrasilia, DF (Brazil) _d27-28 Nov 1984 |
|
| 245 | 1 | _aContribuicao condensada da fundacao para o primeiro congresso brasileiro da agricultura de graos (COBRAG)(por uma consciencia agricola nacional) | |
| 260 | 3 |
_aSao Paulo, SP (Brasil): _c1984. |
|
| 300 | _a9 p. | ||
| 650 | _aGrao | ||
| 650 | _aArmazenamento | ||
| 650 | _aTransporte | ||
| 650 | _aPratica Cultural | ||
| 650 | _aPlantio | ||
| 909 |
_a202309 _bLucia _c55 _dLucia Elande |
||
| 942 | _cBK | ||
| 999 |
_c56811 _d56811 |
||